000 00702nam a2200289Ia 4500
005 20260324140025.0
008 008 260324s9999 xx 000 0 eng d
020 _a9781315039459
037 _aEBOOK
040 _aCRL
040 _beng
040 _cCRL
041 _2eng
041 _aeng
084 _qCRL
100 _aSarah Cook; Margaret Maurer-Fazio
_91202835
245 4 _aThe Workers' State Meets the Market
245 0 _bLabour in China's Transition
260 _bTaylor and Francis
260 _c1999
365 _a
365 _b220
856 _uhttp://www.taylorfrancis.com/books/9781315039459
942 _cEBOOK
999 _c1804462
_d1804462